000 00912nam a22002417a 4500
999 _c12970
_d12970
003 AR-CdUCM
008 190410b ||||| |||| 00| 0 spa d
040 _aMUNICIPALIDAD PROVINCIAL DEL CUSCO
_cBIBLIOTECA MUNICIPAL DEL CUSCO
082 _a869.56 /
_bV23 / 1974
100 _aVallejo, Cesar
_913046
245 _aLos Heraldos Negros - Trilce /
260 _aLima :
_bEdiciones PEISA,
_c1974.
300 _a158 páginas ;
_c17 cm.
440 _aBiblioteca Peruana.
_911247
500 _aReemplazado por la copia Cesar Vallejo los heraldos negros y trilce, ediciones Perú 1963. Fecha 9/11/2021. Referencistas Valerio Cabrera, Pepe Olgado, Sergio García.
505 _aContenido: Poesía.
650 _aLiteratura Peruana
_9132
650 _aPoesía
_946856
650 _aSiglo XX
_98
710 _aGobierno Revolucionario del Perú (auspicio)
_931040
942 _2ddc
_cLIBROS
945 _aachl
_d2019-04-10